[Event "ADCF Masters"]
[Site "Abu Dhabi UAE"]
[Date "2002.08.13"]
[Round "2"]
[White "Gleizerov,E"]
[Black "Komliakov,V"]
[Result "1/2-1/2"]
[WhiteElo "2576"]
[BlackElo "2450"]

1.d4 d5 2.c4 c6 3.Nf3 Nf6 4.Nc3 a6 5.Ne5 Nbd7 6.Bf4 dxc4 7.Nxc4 b5 8.Ne5 Bb7
9.e3 e6 10.Be2 c5 11.Bf3 Bxf3 12.Qxf3 cxd4 13.exd4 Bb4 14.Bg5 Qc8 15.Bxf6 Nxf6
16.Rc1 O-O 17.O-O Bxc3 18.Rxc3 Qd8 19.Nc6 Qd6 20.Rfc1 Nd5 21.Rc5 g6 22.g3 Kg7
23.h4 h5 24.Qe2 Rac8 25.Nb4 Ne7 26.Rxc8 Rxc8 27.Rxc8 Nxc8 28.Qe5+ Qxe5 29.dxe5 a5
30.Nc6 a4 31.Kf1 Nb6 32.Ke2 f6 33.Kd3 fxe5 34.Nxe5 Kf6 35.Ke4 g5 36.hxg5+ Kxg5
37.Nf3+ Kg4 38.Nd4 Nc4 39.b3 axb3 40.axb3 Nd6+  1/2-1/2

[Event "11th Open"]
[Site "Kavala GRE"]
[Date "2002.08.13"]
[Round "5"]
[White "Banikas,H"]
[Black "Hellsten,J"]
[Result "1/2-1/2"]
[WhiteElo "2521"]
[BlackElo "2477"]

1.d4 d5 2.c4 c6 3.Nf3 Nf6 4.Nc3 a6 5.a4 e6 6.e3 c5 7.Bd3 Nc6 8.O-O dxc4 9.Bxc4 cxd4
10.exd4 Be7 11.Re1 O-O 12.Bg5 h6 13.Bh4 Bd7 14.Qe2 Nh5 15.Bxe7 Nxe7 16.Ne5 Nf6
17.Rad1 Ned5 18.Bxd5 Nxd5 19.Nxd5 exd5 20.Qc2 Be8 21.Qb3 b5 22.axb5 Bxb5
23.Rc1 Qd6 24.Rc5 Rad8 25.h3 Rfe8 26.Re3 h5 27.Qc3 f6 28.Ng6 Kf7 29.Nh4 Qf4
30.Rc7+ Rd7 31.Rxd7+ Bxd7 32.Rxe8 Bxe8 33.g3 Qe4 34.Ng2 Bd7 35.h4 g5 36.hxg5 fxg5
37.Ne3 Be6 38.Qc7+ Kg6 39.Qe7 h4 40.gxh4 gxh4 41.Ng2 h3 42.Nf4+ Qxf4 43.Qxe6+ Kg7
44.Qxd5 Qc1+ 45.Kh2 Qxb2 46.Qg5+ Kf7 47.Qf4+ Ke6 48.Kxh3 Qe2 49.Kg3 Kd5 50.Qf6 Qd3+
51.Kg4 Qxd4+ 52.Qxd4+ Kxd4 53.f4 Kd5  1/2-1/2

[Event "ADCF Masters"]
[Site "Abu Dhabi UAE"]
[Date "2002.08.15"]
[Round "5"]
[White "Vakhidov,T"]
[Black "Janahi,Z"]
[Result "1-0"]
[WhiteElo "2500"]
[BlackElo "2191"]

1.d4 d5 2.c4 c6 3.Nf3 Nf6 4.Nc3 a6 5.g3 e6 6.Bg2 dxc4 7.Ne5 c5 8.dxc5 Qxd1+
9.Nxd1 Bxc5 10.Nxc4 Ra7 11.Bf4 Nbd7 12.O-O O-O 13.Rc1 b5 14.Nd6 Bxd6 15.Bxd6 Re8
16.Ne3 a5 17.Rfd1 Ba6 18.Rd2 Rc8 19.Rxc8+ Bxc8 20.Bc6 Ba6 21.Bb8 Rb7 22.Bxb7 Bxb7
23.Be5 h6 24.Bxf6 Nxf6 25.Rd6 Nd5 26.Rd8+ Kh7 27.Rd7 Bc6 28.Rxf7 Nxe3 29.fxe3 Bd5
30.a3 a4 31.Rc7 Kg6 32.Kf2 Kf6 33.e4 Bc4 34.e5+ Kg6 35.e4 h5 36.h4 Kh6 37.Ke3 g5
38.Kd4 Be2 39.Rf7 gxh4 40.gxh4 Bc4 41.Rf6+ Kg7 42.Kc5  1-0

[Event "ADCF Masters"]
[Site "Abu Dhabi UAE"]
[Date "2002.08.15"]
[Round "5"]
[White "Ulibin,M"]
[Black "El Gindy,E"]
[Result "1-0"]
[WhiteElo "2589"]
[BlackElo "2449"]

1.d4 d5 2.c4 c6 3.Nf3 Nf6 4.Nc3 a6 5.Ne5 Nbd7 6.Bf4 e6 7.e3 Nxe5 8.Bxe5 Bd6
9.Bxd6 Qxd6 10.c5 Qc7 11.f4 b6 12.cxb6 Qxb6 13.Qd2 a5 14.Na4 Qb4 15.Nc5 Nd7
16.Rc1 Nxc5 17.Rxc5 Qxd2+ 18.Kxd2 Kd7 19.Bd3 Kd6 20.Rhc1 Bd7 21.R1c3 Rhb8
22.Kc1 Ra7 23.Ra3 Rba8 24.Ra4 h6 25.e4 dxe4 26.Bxe4 Rb8 27.Bd3 Rba8 28.Kc2 Kc7
29.h4 Kb6 30.Be4 Be8 31.Rac4 Rc8 32.Kb3 Bd7 33.Ka3 Be8 34.Rc3 f6 35.Bf3 Bd7
36.Rc1 Rac7 37.g3 Rd8 38.R1c3 Rcc8 39.Rb3+ Kc7 40.Re3 Ra8 41.Rec3 Ra6 42.Be2 Ra7
43.Bf3 Ra6 44.Be2 Ra7 45.Bb5 Kd6 46.Bxc6 Bxc6 47.Rxc6+ Kd5 48.R3c4 Ke4 49.Rxe6+ Kf3
50.Rc3+ Kg4 51.Re4 f5 52.Re6 Rxd4 53.Rg6+ Kh5 54.Rb6 Kg4 55.b3 Rd2 56.Rg6+ Kh5
57.Re6 Rg2 58.Re5 Kg4 59.Re6 Kh5 60.Rd6 Kg4 61.Re3 Re7 62.Rg6+ Kh5 63.Rd6 Kg4
64.Rg6+ Kh5 65.Rd6 Kg4 66.Rd5 g6 67.Rxa5 Rg7 68.Ree5  1-0

[Event "13th Summer Open"]
[Site "Recklinghausen GER"]
[Date "2002.08.21"]
[Round "5"]
[White "Eismont,I"]
[Black "Wyrwich,M"]
[Result "1/2-1/2"]
[WhiteElo "2264"]
[BlackElo "2150"]

1.d4 d5 2.c4 c6 3.Nf3 Nf6 4.Nc3 a6 5.cxd5 cxd5 6.g3 Nc6 7.Bg2 Bf5 8.O-O e6
9.Nh4 Bg6 10.Nxg6 hxg6 11.b3 Be7 12.Bb2 O-O 13.e3 b5 14.Qd3 Rc8 15.Rfc1 Qd7
16.h3 Rc7 17.g4 g5 18.Qd1 Bd6 19.a4 b4 20.Ne2 Rfc8 21.Qd3 a5 22.f4 gxf4 23.exf4 Ne7
24.Rxc7 Rxc7 25.Rc1 Rxc1+ 26.Bxc1 Qc7 27.Be3 Ng6 28.Qd2 Ne4 29.Bxe4 dxe4
30.Qc1 Qxc1+ 31.Bxc1 f5 32.Be3 Ne7 33.Kf2 Nd5 34.g5 Kf7 35.Bd2 Bc7 36.Kg3 Kg6
37.Bc1 Bb6 38.Bb2 Ba7 39.h4 Bb8 40.Ba1 Kh5 41.Bb2 Bc7 42.Ba1 Kg6 43.Bb2 Bb6
44.Ba1 Ne3 45.Kf2  1/2-1/2

[Event "Saraybahce GP"]
[Site "Kocaeli TUR"]
[Date "2002.08.24"]
[Round "8"]
[White "Bagaturov,G"]
[Black "Ipek,A"]
[Result "1-0"]
[WhiteElo "2437"]
[BlackElo "2266"]

1.d4 d5 2.c4 c6 3.Nf3 Nf6 4.Nc3 a6 5.e3 b5 6.b3 Bf5 7.Bd3 Bxd3 8.Qxd3 e6
9.O-O Nbd7 10.a3 Be7 11.c5 O-O 12.b4 Qc7 13.Bb2 a5 14.h3 Ra7 15.Qc2 axb4
16.axb4 Rfa8 17.Rad1 Qb8 18.Rfe1 Bd8 19.Ne5 Nxe5 20.dxe5 Nd7 21.e4 Nf8 22.f4 Rd7
23.exd5 exd5 24.Ne2 Ra2 25.Nd4 Qc8 26.f5 Rda7 27.Re2 Re7 28.Qb3 Raa7 29.Qg3 Re8
30.Rde1 g6 31.Qf4 Qd7 32.e6 fxe6 33.fxe6 Qc8 34.Qe5 Qc7 35.Nxc6 Qxe5 36.Rxe5 Ra2
37.e7 Bxe7 38.Rxe7 Rxe7 39.Nxe7+ Kf7 40.c6 Ne6 41.Rxe6 Rxb2 42.c7 Kxe6 43.c8=Q+ Kxe7
44.Qc6 Rb1+ 45.Kh2 Rd1 46.Qxb5 Kf6 47.Qe2  1-0

[Event "ch-RUS"]
[Site "Krasnodar RUS"]
[Date "2002.08.28"]
[Round "2"]
[White "Gleizerov,E"]
[Black "Alavkin,A"]
[Result "1-0"]
[WhiteElo "2576"]
[BlackElo "2498"]

1.d4 d5 2.c4 c6 3.Nf3 Nf6 4.Nc3 a6 5.Ne5 Nbd7 6.Bf4 dxc4 7.Nxc4 Nd5 8.Bd2 Nxc3
9.Bxc3 e6 10.a3 a5 11.e4 b5 12.Ne3 Nf6 13.Bd3 Bb7 14.b4 axb4 15.axb4 Be7
16.O-O O-O 17.Qc2 h6 18.Rxa8 Qxa8 19.e5 Nd5 20.Nxd5 cxd5 21.Bxb5 Rc8 22.Qb2 Qa7
23.Bd3 Ra8 24.b5 Bd8 25.Rd1 Bb6 26.h4 Qa2 27.Ra1 Qxa1+ 28.Qxa1 Rxa1+ 29.Bxa1 Ba5
30.Bb2 Bb4 31.h5 Kf8 32.f4 Ke7 33.Kf2 f6 34.exf6+ Kxf6 35.Ke3 Bc8 36.Bc1 Bb7
37.Bd2 Ba3 38.Ba5 Bc1+ 39.Kf3 Bb2 40.Bd8+ Kf7 41.Bg6+ Kf8 42.Bb6 Ke7 43.Bc5+ Kd7
44.g3 Bc3 45.Ke3 Be1 46.Bf8  1-0

[Event "ch-RUS"]
[Site "Krasnodar RUS"]
[Date "2002.08.28"]
[Round "2"]
[White "Diu,V"]
[Black "Rustemov,A"]
[Result "0-1"]
[WhiteElo "2451"]
[BlackElo "2589"]

1.d4 d5 2.c4 c6 3.Nf3 Nf6 4.Nc3 a6 5.cxd5 cxd5 6.Bf4 Nc6 7.Ne5 e6 8.e3 Bd7
9.Bd3 Be7 10.Rc1 Rc8 11.a3 Na5 12.O-O O-O 13.e4 dxe4 14.Nxe4 Rxc1 15.Nxf6+ Bxf6
16.Qxc1 Bc6 17.Rd1 Ba4 18.Re1 Nb3 19.Qb1 g6 20.Bc2 Qd5 21.Rd1 Rd8 22.Ng4 Bg7
23.Be5 Qb5 24.Nf6+ Kh8 25.Rd3 Rc8 26.Rh3 Bxf6 27.Bxf6+ Kg8 28.Qd1 Nxd4 29.Qxd4 Qe2
30.Re3 Qxc2 31.Re1 Qc4 32.Qd2 Qc5 33.Qh6 Qf8 34.Qf4 Bb3 35.h4 Rc5 36.Be5 Qd8
37.Qe3 Rb5 38.Rc1 f6 39.Bc7 Qd7 40.Bb6 Bc2 41.Kh2 Qd6+ 42.g3 Qxb6 43.Qxb6 Rxb6
44.Rxc2 Rc6 45.Rd2 Rc7 46.Rd6 Kf7 47.Rb6 f5 48.f4 Re7 49.Kh3 Ke8 50.h5 Kf7
51.Kh4 Kf6 52.a4 Rd7 53.hxg6 hxg6 54.Kh3 Re7 55.Kg2 g5 56.a5 Rd7 57.b4 Rd2+
58.Kg1 gxf4 59.gxf4 Rd4 60.Rxb7 Rxf4 61.Rb6 Ke5 62.Kg2 Kd5 63.Kg3 Rc4 64.Kf3 e5
65.Ke3 f4+ 66.Kf3 Rc3+ 67.Kg4 Rg3+ 68.Kh4 Rb3 69.Kg4 Ke4 70.Rb8 Rg3+ 71.Kh4 Rg1
72.b5 axb5 73.Rxb5 Kf5 74.Kh3 f3  0-1

[Event "GP"]
[Site "Izmir TUR"]
[Date "2002.08.29"]
[Round "2"]
[White "Pantsulaia,L"]
[Black "Altinsoy,M"]
[Result "1-0"]
[WhiteElo "2436"]
[BlackElo "2109"]

1.d4 d5 2.c4 c6 3.Nc3 Nf6 4.Nf3 a6 5.a4 Nbd7 6.e3 e6 7.Bd3 Bd6 8.O-O O-O
9.e4 dxe4 10.Nxe4 Nxe4 11.Bxe4 h6 12.Bc2 Re8 13.Qd3 Nf8 14.b3 b6 15.Bb2 Bb7
16.Rad1 Qc7 17.c5 Be7 18.Ne5 Rad8 19.Qf3 Bf6 20.Ng4 Bg5 21.cxb6 Qxb6 22.Qg3 h5
23.h4 hxg4 24.hxg5 c5 25.Qxg4 c4 26.Ba3 cxb3 27.Bc5 Qc6 28.Bxb3 Qe4 29.Qxe4 Bxe4
30.Bc4 Ra8 31.Rfe1 Bc6 32.a5 g6 33.Rb1 Nd7 34.Bd6 Rec8 35.f3 Ba4 36.Rb4 Bc6
37.Kf2 Kg7 38.Rc1 Bb5 39.Bxb5 axb5 40.Rxc8 Rxc8 41.Rxb5 Rc6 42.Bb4  1-0

[Event "ch-RUS"]
[Site "Krasnodar RUS"]
[Date "2002.08.29"]
[Round "3"]
[White "Lugovoi,A"]
[Black "Volkov,S"]
[Result "1-0"]
[WhiteElo "2516"]
[BlackElo "2636"]

1.d4 d5 2.c4 c6 3.Nc3 Nf6 4.Nf3 a6 5.cxd5 cxd5 6.Bg5 Nc6 7.e3 Bg4 8.Bxf6 gxf6
9.Be2 e6 10.O-O Bd6 11.e4 dxe4 12.Nxe4 Bxf3 13.Bxf3 Nxd4 14.Nxd6+ Qxd6 15.Bxb7 Ra7
16.Rc1 Ke7 17.Be4 h5 18.Re1 Rd7 19.Bd3 h4 20.h3 Rb8 21.Rb1 Rg8 22.Bf1 Qd5
23.Kh2 Qf5 24.Qa4 Qxf2 25.Qb4+ Ke8 26.Red1 f5 27.Rbc1 f6 28.Rc4 a5 29.Qa3 e5
30.Rc8+ Kf7 31.Rxg8  1-0

[Event "Hot Summer IM"]
[Site "Tel Aviv ISR"]
[Date "2002.08.30"]
[Round "9"]
[White "Dub,Z"]
[Black "Kreizberg,M"]
[Result "0-1"]
[WhiteElo "2293"]
[BlackElo "2332"]

1.d4 d5 2.c4 c6 3.Nf3 Nf6 4.Nc3 a6 5.cxd5 cxd5 6.Bf4 Nc6 7.e3 Bg4 8.Bd3 e6
9.h3 Bh5 10.O-O Be7 11.a3 Nd7 12.Rc1 Rc8 13.b4 b5 14.Re1 O-O 15.g4 Bg6 16.e4 Nb6
17.exd5 Nxd5 18.Nxd5 Qxd5 19.Be3 Bxd3  0-1

[Event "GP"]
[Site "Izmir TUR"]
[Date "2002.08.31"]
[Round "4"]
[White "Bayram,Y"]
[Black "Altinsoy,M"]
[Result "1-0"]
[WhiteElo "2281"]
[BlackElo "2109"]

1.d4 d5 2.c4 c6 3.Nc3 Nf6 4.Nf3 a6 5.cxd5 cxd5 6.g3 Nc6 7.Bg2 Bg4 8.Ne5 Bc8
9.O-O e6 10.Nxc6 bxc6 11.Bf4 Bd6 12.Rc1 Bxf4 13.gxf4 Qd6 14.e3 Rb8 15.Na4 O-O
16.Qd2 Kh8 17.Rc2 Rg8 18.Kh1 Bd7 19.Nc5 a5 20.f3 Ra8 21.Rg1 Nh5 22.Bf1 f5
23.Nd3 Rgc8 24.Qe1 Qe7 25.Rc5 Qd8 26.Be2 Be8 27.Bd1 Nf6 28.Ba4 Qb6 29.Qg3 Ra7
30.Rgc1 Qa6 31.R5c3 Re7 32.Qf2 h6 33.Ne5 Rec7 34.Kg2 Ng8 35.Rc5 Ne7 36.Qd2 Ra7
37.Kf2 Qb6 38.a3 Kh7 39.Qc3 Ra6 40.Kg2 Kg8 41.Kh1 Kh7 42.b3 Kg8 43.Bb5 Raa8
44.Bxc6 Bxc6 45.Nxc6 Nxc6 46.Rxc6 Rxc6 47.Qxc6 Ra6 48.Qe8+ Kh7 49.h4 Qxb3
50.h5 e5 51.Qxe5 Rf6 52.Qe7 Qd3 53.Rg1  1-0

[Event "II Open"]
[Site "Poio ESP"]
[Date "2002.09.03"]
[Round "4"]
[White "Mirzoev,A"]
[Black "Piankov,E"]
[Result "1-0"]
[WhiteElo "2498"]
[BlackElo "2341"]

1.d4 d5 2.c4 c6 3.Nf3 Nf6 4.Nc3 a6 5.e3 g6 6.Be2 Bg7 7.O-O O-O 8.Qb3 Ra7
9.Bd2 Bf5 10.cxd5 cxd5 11.Rfc1 Nc6 12.Na4 Ne4 13.Be1 h6 14.Nd2 e5 15.Nxe4 Bxe4
16.dxe5 Bxe5 17.Nc5 Bf5 18.f4 Bg7 19.Bf3 Ne7 20.Rd1 b6 21.Na4 Be6 22.Qxb6 Qa8
23.Bc3 Rb7 24.Qc5 Rc8 25.Qa3 Qa7 26.Bxg7 Kxg7 27.Rac1 Rbc7 28.b4 Rc4 29.Rxc4 Rxc4
30.Nc5 Qb6 31.Qxa6 Rxb4 32.Qxb6 Rxb6 33.Rd2 Rb5 34.Nb3 Nf5 35.Kf2 Nd6 36.Rc2 Rb4
37.Rd2 Ra4 38.Nc1 Ra5 39.Rc2 Bf5 40.Rb2 Ne4+ 41.Bxe4 Bxe4 42.Nb3 Ra3 43.g4 Bd3
44.Ke1 Kf6 45.Kd2 Bf1 46.Kc3 Bh3 47.Kb4 Ra8 48.a4 Bxg4 49.Nd4 Bd7 50.a5 Ke7
51.Ra2 Kd6 52.a6 Ra7 53.Ka5 Ra8 54.Rb2 Kc5 55.Nb5 Bxb5 56.Rxb5+ Kc4 57.Rb7 f5
58.a7 Kd3 59.Rd7 Rxa7+ 60.Rxa7 Kxe3 61.Kb4 g5 62.fxg5 hxg5 63.Re7+ Kd4 64.Kb3  1-0

[Event "ch-RUS"]
[Site "Krasnodar RUS"]
[Date "2002.09.04"]
[Round "9"]
[White "Alavkin,A"]
[Black "Volkov,S"]
[Result "0-1"]
[WhiteElo "2498"]
[BlackElo "2636"]

1.d4 d5 2.c4 c6 3.Nf3 Nf6 4.Nc3 a6 5.e3 b5 6.b3 Bg4 7.Be2 Nbd7 8.Ne5 Bxe2
9.Qxe2 e6 10.O-O Bd6 11.f4 Rc8 12.c5 Bb8 13.a4 b4 14.Nd1 a5 15.Nf2 O-O 16.Qd3 Nxe5
17.fxe5 Nd7 18.e4 dxe4 19.Qxe4 f6 20.exf6 Qxf6 21.Bd2 Qf5 22.Rae1 e5 23.Be3 Qe6
24.Qc2 Rce8 25.dxe5 Nxe5 26.Bd4 Qd5 27.Re4 Ng6 28.Rfe1 Rd8 29.Ng4 Rd7 30.Ne3 Qh5
31.Qc4+ Kh8 32.Ng4 Nf4 33.h3 Qh4 34.Rf1 Qg3 35.Rfxf4 Bxf4 36.Qe6 Rxd4 37.Rxd4 Qc3
38.Rd1 Qxc5+ 39.Kh1 Bg3 40.Ne3 h6 41.Ng4 Qd4 42.Rg1 c5 43.Nxh6 gxh6 44.Qxh6+ Kg8
45.Qg5+ Qg7 46.Qxc5 Qe5 47.Qc4+ Kg7 48.Qg4+ Kh6 49.Rc1 Be1 50.Qc4 Rf4 51.Qd3 Bc3
52.Qa6+ Kg7 53.Rd1 Rf7 54.Qc4 Qf4 55.Qxf4 Rxf4 56.Kg1 Bd4+ 57.Kh2 Kf6 58.g4 Ke5
59.Kg3 Bf2+ 60.Kg2 Bh4 61.Rd2 Ke4 62.Re2+ Kd4 63.Rc2 Ke3 64.Rc5 Rf2+ 65.Kg1 Rb2
66.g5 Bf2+ 67.Kg2 Kf4 68.Rb5 Bh4+ 69.Kf1 Bxg5 70.Rxa5 Kf3 71.Re5 Be3  0-1

[Event "TCh-CRO"]
[Site "Medulin CRO"]
[Date "2002.09.09"]
[Round "1"]
[White "Zaja,I"]
[Black "Kuljasevic,D"]
[Result "1/2-1/2"]
[WhiteElo "2459"]
[BlackElo "2365"]

1.d4 d5 2.c4 c6 3.Nf3 Nf6 4.Nc3 a6 5.Bg5 dxc4 6.a4 Bf5 7.Ne5 Ne4 8.Nxe4 Bxe4
9.f3 f6 10.fxe4 fxe5 11.e3 Qa5+ 12.Qd2 Qxd2+ 13.Kxd2 exd4 14.exd4 e5 15.Bxc4 exd4
16.Rhf1 h6 17.Bf7+ Kd7 18.Bf4 Bb4+ 19.Kd3 Rf8 20.Bg6 Ke7 21.e5 c5 22.Bg3 Nc6
23.Ke4 Kd7 24.Bf5+ Ke7 25.Bg6 Kd7 26.Bf7 Ke7 27.Bg6  1/2-1/2

[Event "TCh-CRO"]
[Site "Medulin CRO"]
[Date "2002.09.10"]
[Round "2"]
[White "Rezan,S"]
[Black "Bukal,V"]
[Result "1/2-1/2"]
[WhiteElo "2414"]
[BlackElo "2425"]

1.d4 d5 2.c4 c6 3.Nf3 Nf6 4.Nc3 a6 5.a4 e6 6.Bg5 Nbd7 7.a5 Qc7 8.e3 c5 9.Bf4 Bd6
10.Bxd6 Qxd6 11.cxd5 exd5 12.Be2 O-O 13.O-O Rd8 14.Qc2 cxd4 15.exd4 Nf8 16.Bd3 Bd7
17.Rfe1 Qb4 18.Qd2 Qd6 19.Ne5 Be8 20.Bf5 g6 21.Bh3 Ne4 22.Nxe4 dxe4 23.Rxe4 f5
24.Ree1 Qxd4 25.Qxd4 Rxd4 26.g3 Rad8 27.Bf1 Nd7 28.Nxd7 R4xd7 29.Bg2 Bf7
30.Rac1 Bd5 31.Bxd5+ Rxd5 32.Re7 R8d7 33.Rc7 Rxe7 34.Rxe7 Rxa5 35.Rxb7 Re5
36.Kg2 Rd5 37.Kf3 a5 38.h4 h6 39.Kf4 Rc5 40.Ke3 Rd5 41.f3 a4 42.h5 g5 43.Rb4 Ra5
44.Kd4 a3 45.bxa3 Rxa3 46.Ke5 Rxf3 47.Kf6 f4 48.Rb8+ Kh7 49.Rb7+ Kg8 50.g4 Re3
51.Rb4 Kh7 52.Rb7+  1/2-1/2

[Event "TCh-CRO"]
[Site "Medulin CRO"]
[Date "2002.09.10"]
[Round "2"]
[White "Gyimesi,Z"]
[Black "Lalic,B"]
[Result "1/2-1/2"]
[WhiteElo "2580"]
[BlackElo "2540"]

1.d4 d5 2.c4 c6 3.Nf3 Nf6 4.Nc3 a6 5.c5 Nbd7 6.Bf4 Nh5 7.e3 b6 8.cxb6 Nxf4
9.exf4 Qxb6 10.Bd3 g6 11.O-O Bg7 12.Rc1 Qxb2 13.Na4 Qb7 14.Re1 Qc7 15.Qc2 Bb7
16.f5 Bf6 17.h4 Kf8 18.Qd2 Kg7 19.g4 e5 20.fxe6 fxe6 21.g5 Bd8 22.Rxe6 Rf8
23.Kg2 Qf4 24.Qxf4 Rxf4 25.Rb1 Ra7 26.Rd6 Rf7 27.h5 gxh5 28.Rh1 Bc7 29.Rh6 Nf8
30.R1xh5 Bc8 31.Rh4 Rf4 32.Rxc6 Bg4 33.Rxc7+ Rxc7 34.Ne5 Rxd4 35.Rxg4 Rxg4+
36.Nxg4 Ne6 37.Bxa6 Rc2 38.a3 Ra2 39.Bc8 Nxg5 40.Ne3 Ne4 41.Nb6 Rxf2+ 42.Kg1 Ra2
43.a4 Nc5  1/2-1/2

[Event "TCh-CRO"]
[Site "Medulin CRO"]
[Date "2002.09.10"]
[Round "2"]
[White "Brkic,A"]
[Black "Zecevic,Dea"]
[Result "1-0"]
[WhiteElo "2351"]
[BlackElo "2305"]

1.Nf3 d5 2.d4 Nf6 3.c4 c6 4.Nc3 a6 5.e3 b5 6.b3 Bg4 7.Qc2 Bxf3 8.gxf3 e6
9.c5 Nbd7 10.f4 Nh5 11.a4 Be7 12.Be2 Ndf6 13.Bd2 g6 14.Bf3 O-O 15.Na2 Ng7
16.Nb4 Qc7 17.axb5 axb5 18.O-O Nf5 19.Ra2 Nh4 20.Bh1 Rxa2 21.Qxa2 Ne4 22.Be1 Nf6
23.f3 Nd7 24.Bf2 Nb8 25.Ra1 Nf5 26.Qa7 Qd8 27.Qa5 Bh4 28.Qxd8 Bxf2+ 29.Kxf2 Rxd8
30.Ra8 Rf8 31.Ra7 Rc8 32.Ke2 Kf8 33.Kd3 Ne7 34.e4 Ke8 35.Bg2 Kd8 36.f5 gxf5
37.exf5 Rc7 38.Ra8 Rc8 39.fxe6 fxe6 40.Bh3 Nd7 41.Rxc8+ Kxc8 42.Bxe6 Kd8
43.Ke3 Nf8 44.Bg4 Nfg6 45.Nd3 Nh4 46.Kf4 Ng2+ 47.Ke5 Kc7 48.Nf4 Ne3 49.Kf6 Kd8
50.h4 Nc2 51.Ne6+ Ke8 52.h5 Na1 53.Kg7 Nxb3 54.f4 Nd2 55.f5 Nxf5+ 56.Bxf5 b4
57.Bxh7  1-0

[Event "Poyntner Mem GM"]
[Site "St Poelten AUT"]
[Date "2002.09.10"]
[Round "6"]
[White "Schroll,G"]
[Black "Ganaus,H"]
[Result "0-1"]
[WhiteElo "2365"]
[BlackElo "2357"]

1.d4 d5 2.c4 c6 3.Nf3 Nf6 4.Nc3 a6 5.e3 Bg4 6.Qb3 Ra7 7.Ne5 Be6 8.a4 Nbd7
9.f4 g6 10.Be2 Bg7 11.O-O O-O 12.Rd1 a5 13.Bd2 Nb6 14.h3 dxc4 15.Nxc4 Ra6
16.Qa2 Qc8 17.b3 Nbd5 18.Nxd5 Nxd5 19.Ne5 Ra8 20.Qc2 Rd8 21.Rac1 Qc7 22.Bc4 f6
23.Nd3 Bf5 24.Qa2 Kh8 25.Nc5 b6 26.Nd3 Qb7 27.Nf2 Nc7 28.e4 Bd7 29.Be3 f5
30.Qc2 Rac8 31.g4 Rf8 32.Kh2 Qb8 33.Qd2 Rcd8 34.e5 Qb7 35.g5 Be6 36.Qe2 Bd5
37.h4 b5 38.axb5 cxb5 39.Bxd5 Nxd5  0-1

[Event "VI Pablo Gorbea Mem"]
[Site "Madrid ESP"]
[Date "2002.09.17"]
[Round "2"]
[White "Martinez Martin,D"]
[Black "Brauer,KH"]
[Result "1-0"]
[WhiteElo "2348"]
[BlackElo "2054"]

1.d4 d5 2.c4 c6 3.Nc3 Nf6 4.Nf3 a6 5.g3 g6 6.Bg2 Bg7 7.Ne5 O-O 8.O-O dxc4
9.Nxc4 Nbd7 10.a4 Nb6 11.Nxb6 Qxb6 12.a5 Qd8 13.e4 Ng4 14.h3 Nf6 15.Be3 Be6
16.d5 Bd7 17.Qb3 cxd5 18.exd5 Qc8 19.Kh2 Ne8 20.Rac1 Nd6 21.Ne4 Qb8 22.Bf4 Bb5
23.Rfe1 Qd8 24.Nxd6 exd6 25.Qb4 Re8 26.Rxe8+ Qxe8 27.Re1 Qd8 28.Bxd6 Qf6
29.Bf4 Rc8 30.d6 Bf8 31.Rd1 Rd8 32.h4 h6 33.Rd4 Bg7 34.Rd2 g5 35.hxg5 hxg5
36.Be3 Qh6+ 37.Kg1 Rd7 38.Bc5 Bf8 39.Qd4 f6 40.Bd5+ Kh8 41.Be4 Kg7 42.Bf5 Qh5
43.Bxd7 Bxd7 44.Qe4 Bc6 45.Qxc6 bxc6 46.d7 Bxc5 47.d8=Q Qf3 48.Qd7+ Kh6 49.Qh3+ Kg7
50.Qg2  1-0

[Event "7th WUCC Men"]
[Site "Ulaanbaatar MON"]
[Date "2002.09.17"]
[Round "6"]
[White "Bocharov,D"]
[Black "Iskusnyh,S"]
[Result "1/2-1/2"]
[WhiteElo "2475"]
[BlackElo "2485"]

1.d4 d5 2.c4 c6 3.Nf3 Nf6 4.Nc3 a6 5.e3 b5 6.cxd5 cxd5 7.Ne2 e6 8.Nf4 Bd6
9.Be2 O-O 10.O-O Nc6 11.Nd3 Ne4 12.Bd2 Qb6 13.Be1 Bd7 14.b4 Rfd8 15.Nfe5 Nxe5
16.dxe5 Be7 17.f3 Qxe3+ 18.Kh1 Be8 19.Qc2 Rac8 20.Qb2 Nd6 21.exd6 Bf6 22.Qd2 Qxd2
23.Bxd2 Bxa1 24.Rxa1 Rc2 25.Rd1 Rxd6 26.a3 Ra2 27.Nc5 Rxa3 28.Kg1 f6 29.Kf2 Bg6
30.Be3 Ra2 31.Ke1 Rc6 32.Bf1 Bf7 33.f4 h6 34.h3 g5 35.Bd4 gxf4 36.Bxf6 a5
37.Rc1 axb4 38.Bxb5 Rc8 39.Bd7 Rca8 40.Nxe6 Rxg2 41.Kf1 Rg6 42.Nc7 Ra2 43.Bd4 b3
44.Nb5 Rc2 45.Ra1 Ra2 46.Rc1 Rc2 47.Ra1  1/2-1/2

[Event "7th WUCC Men"]
[Site "Ulaanbaatar MON"]
[Date "2002.09.20"]
[Round "9"]
[White "Hochstrasser,M"]
[Black "Iskusnyh,S"]
[Result "0-1"]
[WhiteElo "2318"]
[BlackElo "2485"]

1.d4 d5 2.c4 c6 3.Nf3 Nf6 4.Nc3 a6 5.c5 Nbd7 6.Bf4 Nh5 7.e3 Nxf4 8.exf4 b6
9.b4 g6 10.Bd3 Bg7 11.Ne5 Nxe5 12.fxe5 f6 13.exf6 Bxf6 14.O-O O-O 15.Ne2 bxc5
16.bxc5 e5 17.dxe5 Bxe5 18.Rb1 Qc7 19.h3 Rb8 20.Rxb8 Qxb8 21.Qc2 Qb4 22.f4 Bxf4
23.Nxf4 Qd4+ 24.Kh1 Rxf4 25.Rxf4 Qxf4 26.Bxg6 hxg6 27.Qxg6+ Kf8 28.Qxc6 Qf5
29.Kg1 Kf7 30.Qd6 Qe6 31.Qf4+ Ke8 32.Kf2 Kd7 33.Qa4+ Ke7 34.Qb4 Qf6+ 35.Kg1 Qa1+
36.Kh2 Qe5+ 37.Kg1 d4 38.c6+ Kf7 39.Qc4+ Kf6 40.Qg8 Qe3+ 41.Kh2 Be6 42.Qf8+ Ke5
43.Qc5+ Ke4 44.c7 Qc3 45.Qe7 Qc6 46.Qh4+ Kd3 47.Qg3+ Kc4 48.Qb3+ Kc5 49.Qa3+ Kb6
50.Qb4+ Kxc7 51.Qxd4 Bxa2 52.Qa7+ Kc8 53.Kg1 Bd5 54.g4 Qc1+ 55.Kf2 Qd2+ 56.Kg3 Qc3+
57.Kf2 a5 58.Qe3 Qb4 59.Qe8+ Kc7 60.Qe5+ Kc6 61.Ke2 Kc5 62.Qe3+ Kb5 63.Kd1 Bb3+
64.Ke2 Qc4+ 65.Ke1 a4 66.Qe8+ Kb4 67.Qe7+ Kc3 68.Qe5+ Kc2 69.Qf5+  0-1

[Event "Eu Rapid Ch"]
[Site "Panormo GRE"]
[Date "2002.09.30"]
[Round "2"]
[White "Halkias,S"]
[Black "Volkov,S"]
[Result "0-1"]
[WhiteElo "2550"]
[BlackElo "2636"]

1.d4 d5 2.c4 c6 3.Nf3 Nf6 4.Nc3 a6 5.c5 Nbd7 6.Bf4 Nh5 7.e3 g6 8.Bd3 Bg7
9.O-O O-O 10.h3 Nxf4 11.exf4 Qc7 12.g3 b6 13.cxb6 Nxb6 14.Kg2 c5 15.Rc1 cxd4
16.Ne2 Qd7 17.g4 Qa4 18.b3 Qxa2 19.Nexd4 Qa3 20.Rc6 Rb8 21.Qd2 a5 22.Qe3 Bd7
23.Nc2 Qxb3 24.Ncd4 Qa3 25.Nb5 d4 26.Qe2 Qa4 27.Rc5 Rfc8 28.Rxc8+ Nxc8 29.Rb1 Bxb5
30.Bxb5 Qa3 31.Ne5 e6 32.Nc6 Rb6 33.Rc1 Qxc1  0-1

[Event "Eu Rapid Ch"]
[Site "Panormo GRE"]
[Date "2002.09.30"]
[Round "4"]
[White "Borovikov,V"]
[Black "Volkov,S"]
[Result "1/2-1/2"]
[WhiteElo "2570"]
[BlackElo "2636"]

1.d4 d5 2.c4 c6 3.Nf3 Nf6 4.Nc3 a6 5.c5 Nbd7 6.Bf4 Nh5 7.e3 g6 8.Bd3 Bg7
9.O-O O-O 10.Bg5 Re8 11.e4 dxe4 12.Nxe4 Ndf6 13.Nxf6+ exf6 14.Be3 Be6 15.Rc1 Qd7
16.Bc4 Rad8 17.Bxe6 Qxe6 18.Qb3 Qxb3 19.axb3 Bh8 20.Rfe1 Re6 21.Bd2 Ng7 22.Kf1 Nf5
23.Rxe6 fxe6 24.Be3 h5 25.h3 h4 26.Ke2 Kf7 27.Rc4 g5 28.Nd2 Rd7 29.Rb4 Ne7
30.Nc4 Nd5 31.Rxb7 Rxb7 32.Nd6+ Ke7 33.Nxb7 Kd7 34.Nd6 f5 35.Nf7 Bf6 36.Bxg5 Bxd4
37.Bxh4 e5 38.g4 e4 39.Nd6 Nf4+ 40.Kf1 Bxc5 41.Nxf5 Nxh3 42.Bg3 Ke6 43.Kg2 Ng5
44.Bf4 Nf3 45.Be3 Bxe3 46.Nxe3 Nd4 47.b4 Ne2 48.f3 Ke5 49.fxe4 Kxe4 50.Kf2 Nf4
51.Nc4 Ne2 52.Kxe2 Kf4 53.Ke1  1/2-1/2

[Event "EuYCh B16"]
[Site "Peniscola ESP"]
[Date "2002.10.01"]
[Round "3"]
[White "Rodic,Do"]
[Black "Murariu,A"]
[Result "0-1"]
[WhiteElo "2124"]
[BlackElo "2401"]

1.d4 d5 2.Nf3 Nf6 3.c4 c6 4.Nc3 a6 5.a4 e6 6.Bg5 Be7 7.e3 O-O 8.Bd3 c5 9.O-O cxd4
10.Nxd4 Nc6 11.Nxc6 bxc6 12.Qc2 h6 13.Bh4 a5 14.Ne2 Bb7 15.Nd4 Rc8 16.cxd5 cxd5
17.Qb3 Qd7 18.Bb5 Qc7 19.Qd3 Ne4 20.Bxe7 Qxe7 21.Rfc1 Qd6 22.f3 Nc5 23.Qa3 Qb6
24.Rc3 Na6 25.Bxa6 Rxc3 26.Qxc3 Bxa6 27.Nc6 Kh8 28.Nxa5 f5 29.b4 Rc8 30.Qd2 Bc4
31.Kf2 f4 32.Rb1 Bb5 33.Qd4 fxe3+  0-1

[Event "Eu Blitz Ch"]
[Site "Panormo GRE"]
[Date "2002.10.02"]
[Round "1"]
[White "Nielsen,PH"]
[Black "Kouvatsos,F"]
[Result "1-0"]
[WhiteElo "2620"]
[BlackElo "2028"]

1.d4 d5 2.c4 c6 3.Nf3 Nf6 4.Nc3 a6 5.c5 e6 6.Bf4 Nbd7 7.e3 Be7 8.Bd3 O-O
9.O-O b6 10.b4 a5 11.a3 Ba6 12.Bxa6 Rxa6 13.b5 cxb5 14.c6 e5 15.dxe5 Nc5
16.exf6 Bxf6 17.Be5 Re8 18.Bxf6 Qxf6 19.Nxd5 Qxc6 20.Rc1 Qe6 21.Nc7  1-0

[Event "Eu Blitz Ch"]
[Site "Panormo GRE"]
[Date "2002.10.02"]
[Round "4"]
[White "Van Wely,L"]
[Black "Arduman,C"]
[Result "1-0"]
[WhiteElo "2681"]
[BlackElo "2369"]

1.d4 d5 2.c4 c6 3.Nc3 Nf6 4.Nf3 a6 5.cxd5 cxd5 6.Bg5 e6 7.e3 Be7 8.Ne5 Nfd7
9.Bxe7 Qxe7 10.f4 Nxe5 11.fxe5 Qg5 12.Qf3 Nc6 13.Bd3 O-O 14.O-O Bd7 15.Qh3 h6
16.Rf3 h5 17.Rg3 Qh6 18.Qh4 f5 19.Ne2 Nb4 20.Nf4 Rac8 21.Be2 Be8 22.Bxh5 Nc2
23.Rf1 Rc7 24.a3 Bb5 25.Rg6 Qh7 26.Nxe6 Bxf1 27.Nxf8 Nxe3 28.Nxh7 Rc1 29.Rxg7+ Kxg7
30.Qf6+ Kxh7 31.Bg6+ Kh6 32.Bf7+  1-0

[Event "Eu Blitz Ch"]
[Site "Panormo GRE"]
[Date "2002.10.03"]
[Round "11"]
[White "Huzman,A"]
[Black "Volkov,S"]
[Result "1/2-1/2"]
[WhiteElo "2595"]
[BlackElo "2642"]

1.Nf3 d5 2.d4 c6 3.c4 Nf6 4.Nc3 a6 5.a4 e6 6.g3 Bb4 7.Bg2 dxc4 8.Ne5 Nd5
9.Bd2 b5 10.axb5 Bxc3 11.bxc3 cxb5 12.e4 Ne7 13.h4 Nd7 14.Ng4 Bb7 15.O-O h5
16.Ne3 Nf6 17.Qb1 Qd7 18.Bc1 O-O 19.Ba3 Rfd8 20.f4 Ng4 21.Nxg4 hxg4 22.Qe1 Re8
23.Qe2 f5 24.Rae1 Bxe4 25.Bxe4 fxe4 26.Bxe7 Qxe7 27.Qxg4 Qa3 28.f5 Qxc3 29.f6 Qxd4+
30.Kh2 Ra7 31.Rxe4 Qd3 32.Ref4 Rf7 33.fxg7 Rxg7 34.Qh3 c3 35.h5 c2 36.h6 Qd2+
37.R4f2 c1=Q 38.hxg7 Kxg7 39.Qg4+ Qg5 40.Qd4+ e5 41.Qd7+ Re7 42.Rf7+ Kg6
43.Qd6+ Kh5 44.Rxc1 Rxf7 45.Qd1+ Qg4 46.Qxg4+ Kxg4 47.Ra1 Rf2+  1/2-1/2